Elementary fluid mechanics
Furkejuvvon:
| Váldodahkki: | |
|---|---|
| Materiálatiipa: | Girji |
| Giella: | English |
| Almmustuhtton: |
New York, Wiley
1954
|
| Fáttát: | |
| Fáddágilkorat: |
Lasit fáddágilkoriid
Eai fáddágilkorat, Lasit vuosttaš fáddágilkora!
|
MARC
| LEADER | 00000nam a2200000Ia 4500 | ||
|---|---|---|---|
| 003 | 003324 | ||
| 005 | 20221231143957.0 | ||
| 008 | 140114s1954 us a 000 ||eng d | ||
| 040 | |c cru CEDI | ||
| 082 | |a 532 V462e | ||
| 100 | |a Vennard, John King. |9 21695 | ||
| 245 | |a Elementary fluid mechanics | ||
| 260 | |a New York, Wiley |c 1954 | ||
| 300 | |a 401 páginas : ilustraciones. 23 cm. | ||
| 650 | |x MECANICA DE FLUIDOS |9 21696 | ||
| 942 | |2 ddc | ||
| 999 | |c 15069 |d 15069 | ||
